Представление документа в формате RUSMARC

ПолеНазваниеЗначение
  Тип записи a
  Библиографический уровень m
001 Контрольный номер a2e5715fc05743098fcc065012981c21
005 Дата корректировки 20140602160845.7
010 Индекс ISBN __
a ISBN 978-5-7054-0054-6
101 Язык документа 0_
a Язык текста rus
102 Страна публикации __
a Страна публикации RU
200 Заглавие и сведения об ответственности 1_
a Заглавие Малые предприятия: применение единого налога на вмененный доход
f Первые сведения об ответственности Ю. М. Лермонтов
210 Выходные данные 1_
c Издательство Финансовая газета
a Место издания М.
d Дата издания 2009
215 Физическое описание __
a Объем 45, [3] с.
225 Серия 2_
a Серия Финансовая газета: международный финансовый еженедельник
610 Ключевые слова 0_
a Ключевые слова малые предприятия
610 Ключевые слова 0_
a Ключевые слова налоги
610 Ключевые слова 0_
a Ключевые слова налог на вмененный доход
686 Индексы других классификаций __
a Классификационный индекс 65.9(2)09
2 Код системы rubbk
700 Автор _1
a Фамилия Лермонтов
b Имя Ю. М.
g Полное личное имя Юрий Михайлович
801 Источник записи _0
a Страна RU
b Организация РУК
c Дата составления 20090820
g Правила каталогизации PSBO
801 Источник записи _1
a Страна RU
b Организация РУК
c Дата составления 20090820
g Правила каталогизации PSBO
852 Данные о местонахождении __
i Авторский знак Л 49
j Шифр хранения ББК 65.9(2)09
901 Тип документа __
t Тип документа m
938 Служебная информация __
a Название организации Головной вуз
b Имя БД BOOK
c Название АИБС АИБС ИРБИС